[Event "Stuttgarter Stadtmeisterschaft 2010 B"]
[Site "Ditzingen"]
[Date "2010.05.15"]
[Round "6.39"]
[White "Weisensel, Wolfgang"]
[Black "Grunow, Carmen"]
[Result "1/2-1/2"]
[WhiteElo "1685"]
[BlackElo "1418"]
[PlyCount "54"]
[EventDate "2010.??.??"]

1. c4 e5 2. d3 Nf6 3. Nf3 Nc6 4. Nc3 d5 5. cxd5 Nxd5 6. Bd2 Bc5 7. g3 O-O 8.
Bg2 Be6 9. O-O Rb8 10. a3 a5 11. Rc1 Nxc3 12. Bxc3 Bd6 13. Qd2 b6 14. Ng5 Nd4
15. Bxd4 exd4 16. Nxe6 fxe6 17. Be4 e5 18. b4 axb4 19. axb4 c5 20. b5 Qd7 21.
Bc6 Qh3 22. Bg2 Qd7 23. Qb2 Rf6 24. Ra1 Rbf8 25. Ra8 Rxa8 26. Bxa8 Qh3 27. Bg2
Qd7 1/2-1/2

[Event "Stuttgarter Stadtmeisterschaft 2010 B"]
[Site "Ditzingen"]
[Date "2010.05.15"]
[Round "6.40"]
[White "Kean, Christopher"]
[Black "Herkommer, Andreas"]
[Result "1/2-1/2"]
[WhiteElo "1661"]
[BlackElo "1501"]
[PlyCount "77"]
[EventDate "2010.??.??"]

1. e4 e5 2. Nf3 Nc6 3. Bc4 Bc5 4. d3 h6 5. a3 d6 6. h3 Nf6 7. Nc3 O-O 8. Bd2 a6
9. Qc1 Nd4 10. Bxh6 gxh6 11. Qxh6 c6 12. Ng5 Ne6 13. h4 Nf4 14. g3 Ne6 15. f4
Ng7 16. Rf1 Ngh5 17. Qg6+ Kh8 18. Nxf7+ Rxf7 19. Bxf7 Qf8 20. fxe5 dxe5 21.
Rxf6 Nxf6 22. Qxf6+ Qg7 23. Qxg7+ Kxg7 24. Bb3 Bg4 25. Kd2 Rf8 26. Ne2 Rf2 27.
Re1 Rh2 28. Kd1 Bf2 29. Rf1 Bh3 30. Rxf2 Rxf2 31. Nc1 Rg2 32. Na2 Rxg3 33. Kd2
Kf6 34. h5 Be6 35. Bxe6 Kxe6 36. Kc3 Rh3 37. Kc4 Kd6 38. b4 Rxh5 39. Nc3
1/2-1/2

[Event "Stuttgarter Stadtmeisterschaft 2010 B"]
[Site "Ditzingen"]
[Date "2010.05.15"]
[Round "6.41"]
[White "Kruck, Mathias"]
[Black "Grözinger, Werner"]
[Result "1/2-1/2"]
[WhiteElo "1638"]
[BlackElo "1340"]
[PlyCount "39"]
[EventDate "2010.??.??"]

1. c4 e6 2. d4 c6 3. Nf3 g6 4. g3 Bg7 5. Bg2 d5 6. cxd5 exd5 7. Nc3 Ne7 8. O-O
O-O 9. Bf4 Nd7 10. e4 dxe4 11. Nxe4 Nd5 12. Be3 Re8 13. Nd6 Re6 14. Nc4 N7b6
15. Nfe5 Nxc4 16. Nxc4 Nb6 17. Qb3 Nxc4 18. Qxc4 Re8 19. Rad1 Bg4 20. Rd2
1/2-1/2

[Event "Stuttgarter Stadtmeisterschaft 2010 B"]
[Site "Ditzingen"]
[Date "2010.05.15"]
[Round "6.42"]
[White "Grüneschild, Hildegard"]
[Black "Mager, Denis"]
[Result "1/2-1/2"]
[WhiteElo "1663"]
[BlackElo "1538"]
[PlyCount "165"]
[EventDate "2010.??.??"]

1. c4 e5 2. Nc3 d6 3. g3 Be6 4. d3 Nd7 5. Bg2 c6 6. Nf3 Be7 7. O-O f5 8. e3
Ngf6 9. b3 O-O 10. Ng5 Bf7 11. Nxf7 Rxf7 12. a4 g5 13. Ne2 Nf8 14. Ra2 Ne6 15.
Bb2 f4 16. exf4 gxf4 17. Bf3 Ng5 18. Nc3 Qd7 19. Bg2 Qf5 20. Ne4 Nfxe4 21. dxe4
Nxe4 22. Bxe4 Qxe4 23. Ba3 fxg3 24. hxg3 c5 25. Re2 Qf3 26. Bc1 Rf5 27. Qd5+
Qxd5 28. cxd5 Bg5 29. g4 Bxc1 30. gxf5 Bf4 31. Kh1 Kf7 32. Rg1 b6 33. f3 h6 34.
Reg2 Bg5 35. Rxg5 hxg5 36. Rxg5 Rh8+ 37. Kg2 Rg8 38. Rg4 Rg7 39. Kf2 Kf6 40.
Ke3 Rg5 41. Ke4 Rxf5 42. Rg8 Rf4+ 43. Ke3 Rb4 44. Rf8+ Ke7 45. Ra8 Rxb3+ 46.
Ke4 Rb4+ 47. Kf5 Rxa4 48. Rb8 Rf4+ 49. Kg6 Rxf3 50. Rb7+ Kd8 51. Rxa7 c4 52.
Ra6 Rb3 53. Ra8+ Kc7 54. Ra7+ Kb8 55. Rd7 c3 56. Rxd6 Kc7 57. Rc6+ Kd7 58. Kf5
b5 59. Kxe5 b4 60. Rc4 Rb2 61. d6 c2 62. Rc7+ Kd8 63. Ke6 Ra2 64. Rd7+ Kc8 65.
Rc7+ Kb8 66. Rc4 c1=Q 67. Rxc1 Re2+ 68. Kd7 b3 69. Rb1 b2 70. Kd8 Kb7 71. Kd7
Kb8 72. Kd8 Rd2 73. Ke7 Kc8 74. Ke6 Kd8 75. d7 Kc7 76. d8=Q+ Kxd8 77. Ke5 Kc7
78. Ke4 Kc6 79. Ke3 Rh2 80. Kd3 Kc5 81. Kc3 Rh4 82. Kxb2 Kc4 83. Rc1+ 1/2-1/2

[Event "Stuttgarter Stadtmeisterschaft 2010 B"]
[Site "Ditzingen"]
[Date "2010.05.15"]
[Round "6.43"]
[White "Trobonjaca, Milos"]
[Black "Kanz, Edwin"]
[Result "0-1"]
[WhiteElo "1658"]
[BlackElo "1414"]
[PlyCount "94"]
[EventDate "2010.??.??"]

1. Nf3 c5 2. g3 e6 3. Bg2 Nf6 4. d3 d5 5. c3 Bd6 6. O-O O-O 7. Be3 Nc6 8. Nbd2
Qc7 9. Nb3 b6 10. Bg5 Nd7 11. Qc1 Bb7 12. Bh6 gxh6 13. Qxh6 Be7 14. d4 Kh8 15.
Rfe1 Rg8 16. Qh5 Rg7 17. Rad1 Nf6 18. Qh6 Rg6 19. Qc1 Ne4 20. e3 Rag8 21. Nbd2
f5 22. Nf1 Ba6 23. b3 Bf6 24. c4 dxc4 25. bxc4 cxd4 26. exd4 Ne7 27. Ne3 Rc8
28. Re2 Bxc4 29. Rc2 b5 30. a4 a6 31. d5 exd5 32. Nxd5 Nxd5 33. Rxd5 Rd8 34.
Rxf5 Qd7 35. Rh5 Qd1+ 36. Ne1 Qxh5 37. Bxe4 Rd1 38. Qe3 Bd4 39. Bf3 Bxe3 40.
Bxh5 Rxe1+ 41. Kg2 Bd5+ 42. Kh3 Be6+ 43. Kg2 Rg5 44. Bf3 Bc5 45. axb5 axb5 46.
h4 Rge5 47. Bc6 Bd5+ 0-1

[Event "Stuttgarter Stadtmeisterschaft 2010 B"]
[Site "Ditzingen"]
[Date "2010.05.15"]
[Round "6.44"]
[White "Awiszus, Thomas"]
[Black "Kalwei, Reinhard"]
[Result "1-0"]
[WhiteElo "1543"]
[BlackElo "1319"]
[PlyCount "39"]
[EventDate "2010.??.??"]

1. Nf3 Nc6 2. d4 e6 3. e4 d5 4. Nc3 Bb4 5. Bd3 Nf6 6. Qe2 dxe4 7. Bxe4 Nxd4 8.
Qd3 Nxf3+ 9. Qxf3 Bxc3+ 10. bxc3 Nxe4 11. Qxe4 O-O 12. O-O Re8 13. Bf4 c6 14.
Rfd1 Qa5 15. Rd3 Qf5 16. Qe3 h6 17. Bxh6 gxh6 18. Qxh6 Qh7 19. Rg3+ Kh8 20.
Qf6+ 1-0

[Event "Stuttgarter Stadtmeisterschaft 2010 B"]
[Site "Ditzingen"]
[Date "2010.05.15"]
[Round "6.46"]
[White "Obermeier, Carl"]
[Black "Burkhardt, Adrian"]
[Result "0-1"]
[WhiteElo "1392"]
[BlackElo "1436"]
[PlyCount "56"]
[EventDate "2010.??.??"]

1. f4 e6 2. b3 d5 3. Bb2 Nf6 4. Nf3 c5 5. e3 Nc6 6. c4 Be7 7. Be2 O-O 8. O-O
Ne4 9. Qc2 Nb4 10. Qc1 Bf6 11. a3 Nc6 12. Nc3 Na5 13. Qc2 Bxc3 14. dxc3 Nd6 15.
b4 Naxc4 16. Bxc4 Nxc4 17. Ng5 g6 18. Rf3 f6 19. Nh3 cxb4 20. cxb4 Nxb2 21.
Qxb2 Bd7 22. Nf2 Rc8 23. e4 dxe4 24. Nxe4 Bc6 25. Nxf6+ Qxf6 26. Qxf6 Rxf6 27.
Rc3 Rxf4 28. b5 Bd7 0-1

[Event "Stuttgarter Stadtmeisterschaft 2010 B"]
[Site "Ditzingen"]
[Date "2010.05.15"]
[Round "6.47"]
[White "Sievers, Gerda"]
[Black "Winkler, Alex"]
[Result "0-1"]
[WhiteElo "1206"]
[BlackElo "1347"]
[PlyCount "97"]
[EventDate "2010.??.??"]

1. e4 e5 2. Nf3 Nc6 3. Bb5 Nf6 4. Qe2 Bc5 5. O-O d6 6. c3 O-O 7. b4 Bb6 8. h3
Be6 9. Ba4 Qd7 10. Ng5 h6 11. Nxe6 fxe6 12. Qe1 Qf7 13. d3 Nh5 14. Kh1 Bxf2 15.
Rxf2 Qxf2 16. Qxf2 Rxf2 17. Be3 Ng3+ 18. Kh2 Nf1+ 19. Kg1 Re2 20. Kxf1 Rxe3 21.
Bb3 Rf8+ 22. Kg1 Rf6 23. Nd2 Rxd3 24. Nf3 Rxc3 25. b5 Nd4 26. Nxd4 exd4 27. Rd1
d3 28. Rd2 Kf7 29. Bd1 Rf4 30. Bf3 c5 31. bxc6 bxc6 32. Kh2 c5 33. Kg3 e5 34.
h4 c4 35. Rb2 Rc2 36. Rb7+ Kg8 37. Rxa7 d2 38. h5 Rxf3+ 39. gxf3 d1=Q 40. Kg4
Rg2+ 41. Kf5 Qxf3+ 42. Ke6 Qf6+ 43. Kd5 c3 44. a4 c2 45. Rc7 Rd2+ 46. Kc6 c1=R+
47. Kb7 Rb2+ 48. Kc8 Rxc7+ 49. Kxc7 0-1

[Event "Stuttgarter Stadtmeisterschaft 2010 B"]
[Site "Ditzingen"]
[Date "2010.05.16"]
[Round "7.1"]
[White "Riegel, Frank"]
[Black "Mages, Steffen"]
[Result "1-0"]
[WhiteElo "1858"]
[BlackElo "1865"]
[PlyCount "93"]
[EventDate "2010.??.??"]
[WhiteTeam "SV Stuttgart-Wolfbusch 1956 e.V."]
[BlackTeam "SK Schwäbisch Hall"]

1. e4 c5 2. c4 e6 3. Nc3 Nc6 4. g3 Nge7 5. Bg2 d6 6. d3 g6 7. Nge2 Bg7 8. O-O
O-O 9. Be3 e5 10. Qd2 Be6 11. h3 Nd4 12. f4 Nec6 13. g4 Nxe2+ 14. Nxe2 exf4 15.
Bxf4 Nd4 16. Rae1 Nxe2+ 17. Rxe2 Qb6 18. e5 dxe5 19. Bxe5 Bxe5 20. Rxe5 Qd6 21.
Qe3 Rac8 22. Rf6 Qd4 23. Qxd4 cxd4 24. Bd5 Bxd5 25. Rxd5 Rfd8 26. Rfd6 Rxd6 27.
Rxd6 Rc7 28. Rxd4 b5 29. b4 bxc4 30. dxc4 Kf8 31. Kf2 Ke7 32. b5 Rc5 33. a4 h5
34. Kf3 hxg4+ 35. hxg4 f5 36. a5 a6 37. b6 Rxa5 38. gxf5 Rxf5+ 39. Ke4 Rh5 40.
b7 Rh8 41. c5 Rh4+ 42. Kd5 Rh8 43. Kc6 Ke6 44. Kc7 Rh7+ 45. Kc8 Rh8+ 46. Rd8
Rh5 47. c6 1-0

[Event "Stuttgarter Stadtmeisterschaft 2010 B"]
[Site "Ditzingen"]
[Date "2010.05.16"]
[Round "7.2"]
[White "Luft, Jakob"]
[Black "Helfrich, Leo"]
[Result "1/2-1/2"]
[WhiteElo "1862"]
[BlackElo "1701"]
[PlyCount "154"]
[EventDate "2010.??.??"]
[WhiteTeam "SV Untertürkheim e.V."]
[BlackTeam "SC Pforzheim 1906"]

1. d4 g6 2. c4 Bg7 3. Nf3 c5 4. e3 d6 5. Nc3 cxd4 6. exd4 Nf6 7. Be2 O-O 8. h3
d5 9. cxd5 Nxd5 10. O-O Nc6 11. Bc4 e6 12. Bb3 Na5 13. Bc2 b6 14. h4 Bb7 15. h5
Nxc3 16. bxc3 Rc8 17. Bd2 Nc4 18. Be1 Qf6 19. hxg6 fxg6 20. Nd2 Qg5 21. Ne4 Qf4
22. Qe2 Bd5 23. Rd1 Nb2 24. Bd2 Qc7 25. Rb1 Bc4 26. Qg4 Bxf1 27. Qxe6+ Kh8 28.
Rxf1 Nc4 29. Bc1 Rce8 30. Qh3 Bf6 31. Rd1 Qd8 32. Qd3 Qd5 33. f3 Bh4 34. Rf1 b5
35. g3 Bd8 36. Kg2 Rf5 37. g4 Rf7 38. Rh1 Kg8 39. Rh3 Re6 40. Rh1 a5 41. a4
bxa4 42. Bxa4 Rb6 43. Bc2 a4 44. Bxa4 Ne5 45. Qe2 Nxf3 46. Bc2 Re6 47. Rh3 Ng5
48. Bxg5 Bxg5 49. Rh1 Rfe7 50. Kf3 Qa8 51. Qc4 Kg7 52. d5 Qf8+ 53. Kg2 Rxe4 54.
Bxe4 Qf4 55. Qd4+ Bf6 56. Rxh7+ Kg8 57. Rxe7 Qxg4+ 58. Kf1 Bxd4 59. cxd4 Qd1+
60. Kg2 Qxd4 61. Re6 g5 62. Kf3 Kf7 63. Bg6+ Kg7 64. Be4 Qd2 65. Re7+ Kf8 66.
Re6 Qf4+ 67. Ke2 g4 68. Kd3 g3 69. Rg6 Kf7 70. d6 Ke8 71. Bc6+ Kf7 72. Be4 Qf1+
73. Kd4 Qd1+ 74. Ke3 Qb3+ 75. Kf4 Qa3 76. d7 Ke7 77. Bf5 Qc1+ 1/2-1/2

[Event "Stuttgarter Stadtmeisterschaft 2010 B"]
[Site "Ditzingen"]
[Date "2010.05.16"]
[Round "7.3"]
[White "Ellinger, Harald"]
[Black "Schaffert, Walter"]
[Result "0-1"]
[WhiteElo "1854"]
[BlackElo "1756"]
[PlyCount "54"]
[EventDate "2010.??.??"]
[WhiteTeam "SK e4 Gerlingen"]
[BlackTeam "SG Ludwigsburg 1919"]

1. Nf3 e6 2. d4 b6 3. c4 Bb7 4. Nc3 Bb4 5. Bd2 f5 6. a3 Bxc3 7. Bxc3 Nf6 8. e3
O-O 9. b4 Ne4 10. Bb2 d6 11. Qc2 Nd7 12. c5 bxc5 13. dxc5 dxc5 14. bxc5 Nexc5
15. Bd4 Ne4 16. Qb2 Bd5 17. Rc1 Rb8 18. Qa1 c5 19. Bxg7 Qa5+ 20. Bc3 Nxc3 21.
Qxc3 Qxc3+ 22. Rxc3 Rb1+ 23. Ke2 Rfb8 24. Nd2 R8b2 25. f4 Nf6 26. Kd3 Rd1 27.
Rc2 Be4+ 0-1

[Event "Stuttgarter Stadtmeisterschaft 2010 B"]
[Site "Ditzingen"]
[Date "2010.05.16"]
[Round "7.4"]
[White "Ohnmacht, Simon"]
[Black "Winkler, Tim"]
[Result "1-0"]
[WhiteElo "1883"]
[BlackElo "1736"]
[PlyCount "129"]
[EventDate "2010.??.??"]
[WhiteTeam "SC Mühlacker 1923 e.V."]
[BlackTeam "SF Deizisau"]

1. e4 e5 2. f4 d6 3. Nf3 Bg4 4. Bc4 Nc6 5. O-O Nf6 6. d3 Nd4 7. Nc3 Nxf3+ 8.
gxf3 Bh3 9. Rf2 exf4 10. Bxf4 Nh5 11. Be3 Be7 12. f4 g6 13. f5 Bh4 14. Rd2 Bg5
15. Qf3 Bg4 16. Qf2 Rf8 17. Kh1 Bxe3 18. Qxe3 gxf5 19. exf5+ Qe7 20. Re1 Qxe3
21. Rxe3+ Kd7 22. Rf2 c6 23. h3 d5 24. hxg4 Nf6 25. Nxd5 cxd5 26. Bb5+ Kd6 27.
Rg2 Rg8 28. g5 Nd7 29. Bxd7 Kxd7 30. Rh3 Rh8 31. Rgh2 Rhg8 32. Rxh7 Rxg5 33.
Rxf7+ Kc6 34. Rg2 Rh8+ 35. Kg1 Rgh5 36. Kf2 a6 37. d4 Rh4 38. c3 Rf4+ 39. Ke2
Re4+ 40. Kd2 Kb6 41. Rf6+ Ka7 42. Rd6 Rf4 43. Rxd5 Rh5 44. Re2 Rfxf5 45. Rxf5
Rxf5 46. c4 Kb6 47. Kd3 Rf6 48. b4 Rh6 49. d5 Rh3+ 50. Re3 Rh2 51. a3 a5 52.
Kc3 axb4+ 53. axb4 Rh7 54. Re6+ Kc7 55. c5 Rh3+ 56. Kd4 Rh4+ 57. Re4 Rh7 58. b5
Rh8 59. d6+ Kc8 60. Kd5 Rg8 61. c6 bxc6+ 62. Kxc6 Kb8 63. Re6 Rd8 64. d7 Ka7
65. b6+ 1-0

[Event "Stuttgarter Stadtmeisterschaft 2010 B"]
[Site "Ditzingen"]
[Date "2010.05.16"]
[Round "7.5"]
[White "Bried, Martin"]
[Black "Hartmann, Lorenz"]
[Result "0-1"]
[WhiteElo "1796"]
[BlackElo "1860"]
[PlyCount "98"]
[EventDate "2010.??.??"]
[WhiteTeam "Sabt SpVgg Rommelshausen"]
[BlackTeam "SC Heitersheim"]

1. d4 Nf6 2. c4 g6 3. Nc3 Bg7 4. e4 d6 5. Nf3 O-O 6. Be2 c6 7. Qc2 Qc7 8. O-O
e5 9. dxe5 dxe5 10. Bg5 h6 11. Bd2 a5 12. Qc1 Kh7 13. h3 Na6 14. Be3 Be6 15.
Nh2 Nd7 16. Ng4 f5 17. exf5 gxf5 18. Bd3 e4 19. Nxe4 fxe4 20. Bxe4+ Bf5 21.
Bxf5+ Rxf5 22. Bxh6 Ne5 23. Bxg7 Qxg7 24. Qc2 Qg6 25. Nxe5 Rxe5 26. Qxg6+ Kxg6
27. f4 Re2 28. Rf2 Rae8 29. g4 Nb4 30. Rd1 Re1+ 31. Rxe1 Rxe1+ 32. Kg2 Re4 33.
Kg3 Nd3 34. f5+ Kf6 35. Rf3 Nxb2 36. h4 Nxc4 37. g5+ Kf7 38. Rf4 Rxf4 39. Kxf4
b5 40. h5 Nd6 41. h6 Ne8 42. g6+ Kf6 43. h7 Kg7 44. Ke5 b4 45. Kd4 a4 46. Kc4
c5 47. Kd3 Nf6 48. Kc4 Nxh7 49. gxh7 Kxh7 0-1

[Event "Stuttgarter Stadtmeisterschaft 2010 B"]
[Site "Ditzingen"]
[Date "2010.05.16"]
[Round "7.6"]
[White "Rühl, Volker"]
[Black "Körber, Christian"]
[Result "1/2-1/2"]
[WhiteElo "1866"]
[BlackElo "1669"]
[PlyCount "58"]
[EventDate "2010.??.??"]
[WhiteTeam "SAbt VfL Sindelfingen"]
[BlackTeam "SF Fürth 1951 e.V."]

1. e4 d5 2. exd5 Qxd5 3. Nc3 Qa5 4. d4 Nf6 5. Bd2 c6 6. Nf3 Bg4 7. h3 Bh5 8. g4
Bg6 9. Ne5 Nbd7 10. Nxg6 hxg6 11. Qf3 e6 12. Bg2 Qb6 13. Qd3 Rd8 14. Na4 Qc7
15. Qe3 Nd5 16. Bxd5 cxd5 17. Nc3 Be7 18. O-O-O a6 19. Rde1 Nb6 20. Qe5 Qxe5
21. dxe5 Nc4 22. Nb1 Nxd2 23. Nxd2 Bg5 24. Kd1 Bxd2 25. Kxd2 Kd7 26. Re3 Rc8
27. b3 Rc6 28. Rc3 Rxc3 29. Kxc3 Kc6 1/2-1/2

[Event "Stuttgarter Stadtmeisterschaft 2010 B"]
[Site "Ditzingen"]
[Date "2010.05.16"]
[Round "7.8"]
[White "Hua, Qi Cheng"]
[Black "Leroy, Patrick"]
[Result "0-1"]
[WhiteElo "1656"]
[BlackElo "1835"]
[PlyCount "92"]
[EventDate "2010.??.??"]
[WhiteTeam "SC Magstadt"]

1. d4 d6 2. c4 g6 3. Nc3 Bg7 4. e4 Nf6 5. f4 O-O 6. Nf3 c6 7. Bd3 Nbd7 8. O-O
e5 9. dxe5 dxe5 10. f5 Nc5 11. Bc2 Qxd1 12. Rxd1 Nfd7 13. Bg5 f6 14. Be3 b6 15.
Rd6 Re8 16. Rxc6 Bf8 17. Nd5 Bb7 18. Rc7 Bd6 19. Bxc5 Bxc7 20. Nxc7 Nxc5 21.
Nxe8 Rxe8 22. fxg6 hxg6 23. Nh4 Kf7 24. Rd1 Re7 25. Kf2 Nxe4+ 26. Ke3 f5 27.
Bxe4 Bxe4 28. g4 Bc2 29. Rd2 f4+ 30. Kf3 Bb1 31. b3 g5 32. Nf5 e4+ 33. Ke2 e3
34. Rd1 Bxf5 35. gxf5 Kf6 36. h3 Kxf5 37. Kf3 e2 38. Re1 Re3+ 39. Kf2 Rxh3 40.
Rxe2 Rh2+ 41. Kf1 Rxe2 42. Kxe2 Ke4 43. Kf2 g4 44. Kg2 Kd4 45. Kf2 Kc3 46. Kg2
a5 0-1

[Event "Stuttgarter Stadtmeisterschaft 2010 B"]
[Site "Ditzingen"]
[Date "2010.05.16"]
[Round "7.9"]
[White "Ostertag, Stephan"]
[Black "Hamm, Julian"]
[Result "1/2-1/2"]
[WhiteElo "1806"]
[BlackElo "1633"]
[PlyCount "32"]
[EventDate "2010.??.??"]
[WhiteTeam "SV Urach"]
[BlackTeam "Mönchfelder SV 1967"]

1. e4 e5 2. Nf3 Nf6 3. Nc3 d6 4. Be2 Be7 5. O-O O-O 6. d4 Nbd7 7. Bg5 h6 8. Bh4
exd4 9. Qxd4 Re8 10. Rad1 Nh5 11. e5 Nxe5 12. Nxe5 Bxh4 13. Nxf7 Kxf7 14. Bxh5+
g6 15. Bf3 Bf6 16. Qf4 Kg7 1/2-1/2

[Event "Stuttgarter Stadtmeisterschaft 2010 B"]
[Site "Ditzingen"]
[Date "2010.05.16"]
[Round "7.10"]
[White "Buzan, Raffael"]
[Black "Strauss, Martin"]
[Result "1-0"]
[WhiteElo "1746"]
[BlackElo "1618"]
[PlyCount "71"]
[EventDate "2010.??.??"]
[WhiteTeam "SAbt VfL Sindelfingen"]
[BlackTeam "SC Sillenbuch"]

1. d4 Nf6 2. c4 g6 3. Nc3 d5 4. cxd5 Nxd5 5. e4 Nxc3 6. bxc3 Bg7 7. Nf3 c5 8.
Rb1 Qa5 9. Qd2 Bd7 10. Bd3 Bc6 11. O-O cxd4 12. cxd4 Qxd2 13. Bxd2 b6 14. d5
Bb7 15. Rfc1 Ba6 16. Ne1 Bxd3 17. Nxd3 Na6 18. Rc4 O-O 19. Be3 Rfd8 20. Nf4 Bh6
21. Nxg6 Bxe3 22. Nxe7+ Kf8 23. Nc6 Bxf2+ 24. Kxf2 Rd6 25. Rf1 Nc5 26. Ke3 Re8
27. Rf5 Nd7 28. a4 Nf6 29. Kf4 a6 30. h3 h6 31. Ne5 b5 32. axb5 axb5 33. Rc7
Kg8 34. Rb7 Nxe4 35. Nxf7 Ra8 36. Kxe4 1-0

[Event "Stuttgarter Stadtmeisterschaft 2010 B"]
[Site "Ditzingen"]
[Date "2010.05.16"]
[Round "7.11"]
[White "Werner, Stefan"]
[Black "Spiegelberg, Silvia"]
[Result "1/2-1/2"]
[WhiteElo "1703"]
[BlackElo "1609"]
[PlyCount "37"]
[EventDate "2010.??.??"]
[WhiteTeam "SSV Zuffenhausen"]
[BlackTeam "SK Freiburg Zähringen 1887 e.V."]

1. e4 e5 2. Nf3 Nc6 3. Bc4 Bc5 4. c3 Nf6 5. d4 exd4 6. cxd4 Bb4+ 7. Bd2 Bxd2+
8. Nbxd2 d5 9. exd5 Nxd5 10. O-O O-O 11. Ne5 Nce7 12. Qb3 c6 13. Rfe1 Qb6 14.
Ndf3 Qxb3 15. Bxb3 Bf5 16. Re2 Rad8 17. Rae1 Nf4 18. Rd2 Ned5 19. h3 1/2-1/2

[Event "Stuttgarter Stadtmeisterschaft 2010 B"]
[Site "Ditzingen"]
[Date "2010.05.16"]
[Round "7.12"]
[White "Balija, Cerim"]
[Black "Rieder, Josef"]
[Result "0-1"]
[WhiteElo "1608"]
[BlackElo "1886"]
[PlyCount "126"]
[EventDate "2010.??.??"]
[WhiteTeam "Mönchfelder SV 1967"]
[BlackTeam "Stuttgarter SF 1879"]

1. e4 c5 2. Nf3 d6 3. d4 cxd4 4. Qxd4 Nc6 5. Bb5 Bd7 6. Qd1 Nf6 7. Bd3 g6 8.
O-O Bg7 9. c3 O-O 10. Re1 Ng4 11. Be3 Nxe3 12. Rxe3 Qb6 13. Qc2 Rac8 14. Nbd2
Bh6 15. Nc4 Qc7 16. Ree1 Bg7 17. Ncd2 Nb4 18. Qb1 Nxd3 19. Qxd3 a6 20. Nd4 b5
21. a3 Qb6 22. N2f3 Qc5 23. Ne2 Be6 24. Ng3 a5 25. h3 Rb8 26. Nd4 Bc4 27. Qd1
Be5 28. Nge2 Rb7 29. Nb3 Qb6 30. Nbd4 Rc8 31. Nf3 Bg7 32. Ng3 b4 33. e5 bxc3
34. bxc3 Bb3 35. Qd4 dxe5 36. Qxb6 Rxb6 37. Nxe5 Rxc3 38. Rab1 a4 39. Re4 Re6
40. Rbe1 Bd5 41. R4e2 Rxa3 42. Rd1 Rxe5 43. Rxe5 Bxe5 44. Rxd5 Bxg3 45. fxg3
Rxg3 46. Kf2 Rb3 47. Ra5 a3 48. Kg1 Kg7 49. Kh2 h5 50. h4 Kf6 51. Kh1 e5 52.
Kg1 Kf5 53. Kf2 Rb2+ 54. Kg1 a2 55. Kh2 f6 56. Ra4 e4 57. Ra5+ Kg4 58. Ra6 Kxh4
59. Rxf6 a1=Q 60. Rxg6 Qa5 61. Rg8 Qc7+ 62. Kg1 Qc1+ 63. Kh2 Qf4+ 0-1

[Event "Stuttgarter Stadtmeisterschaft 2010 B"]
[Site "Ditzingen"]
[Date "2010.05.16"]
[Round "7.13"]
[White "Duran, Suat"]
[Black "Zikeli, Julia"]
[Result "1/2-1/2"]
[WhiteElo "1687"]
[BlackElo "1848"]
[PlyCount "79"]
[EventDate "2010.??.??"]
[WhiteTeam "SV Dicker Turm Esslingen"]
[BlackTeam "SG Schwäb.Gmünd 1872 e.V"]

1. e4 c5 2. Nf3 d6 3. c3 Nf6 4. Qc2 Nc6 5. d4 cxd4 6. cxd4 d5 7. e5 Nd7 8. a3
Nb6 9. Be3 Bg4 10. Nbd2 Rc8 11. Qd1 g6 12. Bd3 Bg7 13. h3 Bf5 14. Bxf5 gxf5 15.
Ng5 h6 16. Nxf7 Kxf7 17. Qh5+ Kg8 18. Qxf5 Qf8 19. Qg4 Kh7 20. f4 Rg8 21. Qf3
Na5 22. g4 Rc2 23. b4 Nac4 24. Nxc4 Rxc4 25. h4 Qf7 26. f5 Rf8 27. O-O Rc3 28.
Qe2 Nc4 29. Bc1 Rh3 30. g5 Kg8 31. Qg4 Rd3 32. g6 Qe8 33. Qh5 Rg3+ 34. Kh2 Rxg6
35. fxg6 Rxf1 36. Bxh6 Qf8 37. Rxf1 Qxf1 38. Bxg7 Qf2+ 39. Kh1 Qf1+ 40. Kh2
1/2-1/2

[Event "Stuttgarter Stadtmeisterschaft 2010 B"]
[Site "Ditzingen"]
[Date "2010.05.16"]
[Round "7.14"]
[White "Pocrnic, Josip"]
[Black "Filenberg, Maksim"]
[Result "1-0"]
[WhiteElo "1816"]
[BlackElo "1659"]
[PlyCount "69"]
[EventDate "2010.??.??"]
[WhiteTeam "SF 1954 Conweiler e.V."]
[BlackTeam "SC Murrhardt 1948 e.V."]

1. e4 d6 2. d4 c5 3. Nf3 cxd4 4. Nxd4 Nf6 5. Nc3 Qa5 6. Bd3 Bd7 7. O-O a6 8. h3
Nc6 9. Nb3 Qc7 10. Bg5 h6 11. Be3 b5 12. f4 e6 13. a3 g6 14. Qe1 Be7 15. Qf2
Nh7 16. f5 gxf5 17. exf5 Nf6 18. fxe6 Bxe6 19. Bf5 Bc4 20. Rfe1 Ne5 21. Nd2 Bd5
22. Bd4 Rg8 23. Nxd5 Nxd5 24. Nf3 Bf6 25. c3 Nf4 26. g3 Kf8 27. Kh2 Ned3 28.
Qd2 Bxd4 29. Bxd3 Nxd3 30. Nxd4 Nxe1 31. Qxh6+ Rg7 32. Rxe1 Qc5 33. h4 a5 34.
Qf6 Re8 35. Ne6+ 1-0

[Event "Stuttgarter Stadtmeisterschaft 2010 B"]
[Site "Ditzingen"]
[Date "2010.05.16"]
[Round "7.15"]
[White "Schmidt, Markus"]
[Black "Ziegler, Michael"]
[Result "1-0"]
[WhiteElo "1768"]
[BlackElo "1656"]
[PlyCount "81"]
[EventDate "2010.??.??"]

1. d4 Nf6 2. Nf3 d6 3. c4 g6 4. Nc3 Bg7 5. e4 O-O 6. Be2 Re8 7. O-O c5 8. d5
Bg4 9. h3 Bxf3 10. Bxf3 Nbd7 11. Be2 Qc7 12. f4 a6 13. a4 Rac8 14. Qc2 Nf8 15.
Bd2 N6d7 16. Bd3 e5 17. f5 f6 18. fxg6 hxg6 19. Be2 Kf7 20. Bg4 Rcd8 21. Rf3
Ke7 22. Raf1 Nh7 23. Be3 Rh8 24. h4 Nhf8 25. Qf2 Nh7 26. Bg5 Rdf8 27. Be6 Qd8
28. Qe3 Qe8 29. Bh6 Bxh6 30. Qxh6 Kd8 31. Qg7 g5 32. h5 Qe7 33. h6 g4 34. Rg3
Ng5 35. Rxg4 Nxe6 36. dxe6 Qxe6 37. h7 Qxc4 38. Nd5 Qe2 39. Qxh8 Qxg4 40. Qxf8+
Nxf8 41. h8=Q 1-0

[Event "Stuttgarter Stadtmeisterschaft 2010 B"]
[Site "Ditzingen"]
[Date "2010.05.16"]
[Round "7.16"]
[White "Marx, Alexander"]
[Black "Tölg, Wolfgang"]
[Result "1/2-1/2"]
[WhiteElo "1570"]
[BlackElo "1756"]
[PlyCount "110"]
[EventDate "2010.??.??"]

1. d4 f5 2. c4 d5 3. Nc3 e6 4. Bf4 Bb4 5. Qd3 Nf6 6. a3 Bxc3+ 7. bxc3 O-O 8.
Nf3 Qe7 9. Ne5 c5 10. g3 Nbd7 11. f3 Nxe5 12. dxe5 Nh5 13. Bd2 dxc4 14. Qxc4 g6
15. f4 a6 16. Be3 b6 17. Bg2 Rb8 18. Kf2 Ng7 19. Rhb1 Qc7 20. a4 Bb7 21. Bxb7
Rxb7 22. Qxa6 Rfb8 23. Qc4 Qc6 24. a5 bxa5 25. Rxb7 Rxb7 26. Qxc5 Qxc5 27. Bxc5
Rb5 28. Bd4 Ne8 29. Ra4 Kf7 30. Kf3 h5 31. e4 Ng7 32. h3 fxe4+ 33. Kxe4 Nf5 34.
g4 hxg4 35. hxg4 Ne7 36. g5 Ke8 37. Be3 Nc6 38. Kd3 Kd7 39. Kc2 Kc7 40. Bd2 Rb8
41. c4 Ra8 42. c5 Rc8 43. Bxa5+ Nxa5 44. Rxa5 Kc6 45. Kc3 Kd5 46. Kb4 Rb8+ 47.
Rb5 Rf8 48. Ka5 Kc6 49. Rb6+ Kxc5 50. Rxe6 Rxf4 51. Rxg6 Rf1 52. Ka4 Rf5 53. e6
Kd6 54. e7+ Kxe7 55. Kb4 Kf7 1/2-1/2

[Event "Stuttgarter Stadtmeisterschaft 2010 B"]
[Site "Ditzingen"]
[Date "2010.05.16"]
[Round "7.17"]
[White "Schreiber, Stephan"]
[Black "Hartmann, Anatoli"]
[Result "0-1"]
[WhiteElo "1703"]
[BlackElo "1591"]
[PlyCount "114"]
[EventDate "2010.??.??"]

1. d4 e6 2. Bf4 d5 3. e3 Bd6 4. Bxd6 Qxd6 5. Nf3 Qb4+ 6. Nbd2 Qxb2 7. c4 Nf6 8.
c5 Qa3 9. Qb3 Qxb3 10. axb3 Nc6 11. Be2 Bd7 12. O-O O-O 13. Ra3 Nb4 14. Ne5 Bc6
15. Rb1 a5 16. Nxc6 bxc6 17. Bd1 Ra7 18. Rba1 Rfa8 19. Ra4 Nd7 20. Nf3 f6 21.
h3 e5 22. Ne1 exd4 23. exd4 Nf8 24. Nc2 Nxc2 25. Bxc2 Ne6 26. Bf5 Kf7 27. Bxe6+
Kxe6 28. b4 Kd7 29. Rxa5 Rxa5 30. Rxa5 Re8 31. b5 cxb5 32. Rxb5 Re4 33. Rb4
Re1+ 34. Kh2 Rc1 35. Kg3 Rc4 36. Rxc4 dxc4 37. Kf4 Kc6 38. Ke3 Kd5 39. f3 c3
40. Kd3 c2 41. Kxc2 Kxd4 42. c6 Kd5 43. Kd3 Kxc6 44. Kc4 Kd6 45. Kd4 g5 46. g3
h5 47. Ke4 c5 48. Kf5 c4 49. Kxf6 c3 50. Kxg5 c2 51. Kxh5 c1=Q 52. f4 Qg1 53.
g4 Qg3 54. h4 Qxf4 55. g5 Ke6 56. g6 Kf6 57. g7 Qf5+ 0-1

[Event "Stuttgarter Stadtmeisterschaft 2010 B"]
[Site "Ditzingen"]
[Date "2010.05.16"]
[Round "7.18"]
[White "Wenzel, Ulrich"]
[Black "Schöfzig, Winfried"]
[Result "1/2-1/2"]
[WhiteElo "1699"]
[BlackElo "1648"]
[PlyCount "55"]
[EventDate "2010.??.??"]

1. d4 Nf6 2. Nf3 d6 3. Nbd2 c6 4. e4 Qc7 5. Bd3 e5 6. c3 g6 7. O-O Bg7 8. Re1
O-O 9. a4 a5 10. h3 h6 11. Nf1 Be6 12. Ng3 Nbd7 13. dxe5 dxe5 14. Be3 Rfd8 15.
Qe2 Nf8 16. Red1 Bb3 17. Bc2 Bxc2 18. Qxc2 b5 19. Rxd8 Rxd8 20. Rd1 Ne6 21.
Rxd8+ Nxd8 22. axb5 cxb5 23. Qd3 Nd7 24. Qxb5 Nc6 25. b4 axb4 26. cxb4 Bf8 27.
Bd2 Qd6 28. Qc4 1/2-1/2